El misterio de Dios trinitario: Dios-con-nosotros

Na minha lista:
Detalhes bibliográficos
Autor principal: Cordovilla Pérez, Angel (Author)
Formato: Livro
Idioma:espanhol
Publicado em: Madrid Biblioteca de Autores Cristianos 2012
Edição:1a. ed
Colecção:Sapientia Fidei Manuales de Teología, 36
Assuntos:
Tags: Adicionar Tag
Sem tags, seja o primeiro a adicionar uma tag!

MARC

LEADER 00000cam a2200000 a 4500
001 UCC0118
003 CL-VaPUC
008 170721e20120000sp |||||||||||||||||spa|d
020 |a 9788422015970 
082 0 4 |a 231.3  |b COR  |2 21 
100 0 |a Cordovilla Pérez, Angel  |e author  |9 594035 
245 1 3 |a El misterio de Dios trinitario: Dios-con-nosotros 
250 |a 1a. ed 
300 |a 530 p 
942 |c BK 
945 |d 20170721 23:47:00  |a dcastane 
260 |a Madrid  |b Biblioteca de Autores Cristianos  |c 2012 
650 7 |a SANTISIMA TRINIDAD  |2 CL-VaPUC  |9 479104 
650 7 |a ESPIRITU SANTO  |2 CL-VaPUC  |9 594036 
650 0 |a Religión   |9 255164 
583 |a last modification  |c 20170721 23:47:00  |k Rodrigo Vera 
490 0 |a Sapientia Fidei Manuales de Teología, 36 
999 |c 369062  |d 369060 
952 |0 0  |1 0  |3 erb  |4 0  |6 231_300000000000000_COR_2012  |7 0  |8 A  |9 484608  |a BIBTEO  |b BIBTEO  |i 5410282  |l 5  |o 231.3 COR 2012  |p 5410282  |r 2025-01-17  |s 2020-10-06  |w 2019-11-24  |y BK  |z Catalogado en:20170721  |k ICR